Лирика. Сб.3 (Запись № 13483407)
[ простой вид ]
| 000 -МАРКЕР | |
|---|---|
| контрольное поле | 01811nam2a22003731 4500 |
| 001 - ИДЕНТИФИКАТОР ЗАПИСИ | |
| контрольное поле | RU\NLR\A1SV\80303 |
| 005 - ИДЕНТИФИКАТОР ВЕРСИИ | |
| контрольное поле | 20251203152403.2 |
| 035 ## - ДРУГИЕ СИСТЕМНЫЕ НОМЕРА | |
| Идентификатор записи | (NLR Aleph) 009761747 |
| 100 ## - ДАННЫЕ ОБЩЕЙ ОБРАБОТКИ | |
| Данные общей обработки | 20070627d1925 u y0rusy50 ca |
| 101 0# - ЯЗЫК РЕСУРСА | |
| Язык текста, звукозаписи и т.д. | русский |
| 200 0# - ЗАГЛАВИЕ И СВЕДЕНИЯ ОБ ОТВЕТСТВЕННОСТИ | |
| Основное заглавие | Сб.3 |
| 215 ## - ФИЗИЧЕСКАЯ ХАРАКТЕРИСТИКА | |
| Специфическое обозначение материала и объем | Тверь |
| Другие сведения о физической характеристике | Твер. отд-ние Всерос. союза поэтов |
| Размеры | 1925 |
| 215 ## - ФИЗИЧЕСКАЯ ХАРАКТЕРИСТИКА | |
| Специфическое обозначение материала и объем | 39 с. |
| 300 ## - ОБЩИЕ ПРИМЕЧАНИЯ | |
| Текст примечания | Два тит. л. |
| 300 ## - ОБЩИЕ ПРИМЕЧАНИЯ | |
| Текст примечания | На обл. и на 2-м тит. л. загл.: Лирика неоклассики |
| 327 0# - ПРИМЕЧАНИЯ О СОДЕРЖАНИИ | |
| Текст примечания | Авт.: Варвара Бутягина, Н.Власов-Окский, Екатерина Волчанецкая, Екатерина Герцог, Вл. Гиляровский, Г.Гольд, Г.Дешкин, М.Дудоров, В.Ещин, Н.Захаров и др. |
| 461 #1 - УРОВЕНЬ НАБОРА | |
| Встроенное поле | 001RU\NLR\A1SV\80300 |
| -- | 2000#$vСб.3 |
| Системный номер (АБИС) связанной записи | 10021448 |
| Место публикации | М. |
| Дата публикации | 1922-1925 |
| Имя издателя, распространителя и т.д. | Неоклассики |
| Сведения, относящиеся к заглавию | Стихи |
| Заглавие | Лирика |
| Номер тома | Сб.3 |
| 512 1# - ЗАГЛАВИЕ ОБЛОЖКИ | |
| Заглавие обложки | Лирика неоклассики |
| 702 #1 - ИМЯ ЛИЦА - ВТОРИЧНАЯ ОТВЕТСТВЕННОСТЬ | |
| Начальный элемент ввода | Волчанецкая |
| Часть имени, кроме начального элемента ввода | Е. Д. |
| Даты | 1881- |
| Расширение инициалов личного имени | Екатерина Дмитриевна |
| 702 #1 - ИМЯ ЛИЦА - ВТОРИЧНАЯ ОТВЕТСТВЕННОСТЬ | |
| Начальный элемент ввода | Бутягина |
| Часть имени, кроме начального элемента ввода | В. А. |
| Даты | 1901-1929 |
| Расширение инициалов личного имени | Варвара Александровна |
| 702 #1 - ИМЯ ЛИЦА - ВТОРИЧНАЯ ОТВЕТСТВЕННОСТЬ | |
| Начальный элемент ввода | Гиляровский |
| Часть имени, кроме начального элемента ввода | В. А. |
| Даты | 1853-1935 |
| Расширение инициалов личного имени | Владимир Алексеевич |
| 702 #1 - ИМЯ ЛИЦА - ВТОРИЧНАЯ ОТВЕТСТВЕННОСТЬ | |
| Начальный элемент ввода | Дешкин |
| Часть имени, кроме начального элемента ввода | Г. |
| Расширение инициалов личного имени | Георгий |
| 702 #1 - ИМЯ ЛИЦА - ВТОРИЧНАЯ ОТВЕТСТВЕННОСТЬ | |
| Начальный элемент ввода | Власов-Окский |
| Часть имени, кроме начального элемента ввода | Н. С. |
| Даты | 1888-1947 |
| Расширение инициалов личного имени | НИколай Степанович |
| 702 #1 - ИМЯ ЛИЦА - ВТОРИЧНАЯ ОТВЕТСТВЕННОСТЬ | |
| Начальный элемент ввода | Герцог |
| Часть имени, кроме начального элемента ввода | Е. С. |
| Даты | 1884-1957? |
| Расширение инициалов личного имени | Екатерина Сергеевна |
| 702 #1 - ИМЯ ЛИЦА - ВТОРИЧНАЯ ОТВЕТСТВЕННОСТЬ | |
| Начальный элемент ввода | Гольд |
| Часть имени, кроме начального элемента ввода | Г. |
| 702 #1 - ИМЯ ЛИЦА - ВТОРИЧНАЯ ОТВЕТСТВЕННОСТЬ | |
| Начальный элемент ввода | Дудоров |
| Часть имени, кроме начального элемента ввода | М. С. |
| Даты | 1892-1956 |
| Расширение инициалов личного имени | Матвей Семенович |
| 702 #1 - ИМЯ ЛИЦА - ВТОРИЧНАЯ ОТВЕТСТВЕННОСТЬ | |
| Начальный элемент ввода | Ещин |
| Часть имени, кроме начального элемента ввода | В. |
| 702 #1 - ИМЯ ЛИЦА - ВТОРИЧНАЯ ОТВЕТСТВЕННОСТЬ | |
| Начальный элемент ввода | Захаров |
| Часть имени, кроме начального элемента ввода | Н. |
| 801 #0 - ИСТОЧНИК ЗАПИСИ | |
| Страна | Российская Федерация |
| Организация | NLR |
| Дата составления | 20070627 |
| 942 ## - ДОПОЛНИТЕЛЬНЫЕ ЭЛЕМЕНТЫ ЗАПИСИ (АБИС) | |
| Тип экземпляра АБИС | Книга |
| 980 ## - КОЛЛЕКЦИЯ | |
| Название коллекции | Международный сводный каталог русской книги (1918-1926) |
| 980 ## - КОЛЛЕКЦИЯ | |
| Название коллекции | Национальная библиография |
Нет доступных экземпляров.